| 000 | 00692nam a22001937a 4500 | ||
|---|---|---|---|
| 999 |
_c15149 _d15149 |
||
| 003 | OSt | ||
| 082 | _2631.587 ANI/CL | ||
| 088 | _aP 243 | ||
| 100 |
_aANITHA KRISHNAN V. C _93666 |
||
| 245 | _aClogging effects of drip emitter with fresh water and muddy water | ||
| 260 |
_aTavanur 2012 _bDepartment of Irrigation and Drainage Engineering |
||
| 300 | _a58 | ||
| 500 | _aClogging effects of drip emitter with fresh water and muddy water | ||
| 520 | _aClogging effects of drip emitter with fresh water and muddy water | ||
| 700 |
_aSajina V. S _93667 |
||
| 700 |
_aEr. Sajeena S (Guide) _93652 |
||
| 856 | _uhttps://drive.google.com/open?id=1PKDyNhfn-bG_YiA3P1jvVRHW-OqdMx2Z | ||
| 942 | _cPR | ||